| 000 | 00894cam a2200241 a 4500 | ||
|---|---|---|---|
| 001 | 000002794 | ||
| 005 | 20200929150245.0 | ||
| 008 | 050818s1968 pr b 001 0 spa | ||
| 020 | _a188171523X | ||
| 040 |
_aDO-SdBNP _bspa _cBNPHU |
||
| 082 |
_aPR861.44 _bB957L, 2002 |
||
| 100 | 1 |
_aLópez Jiménez, Ivette _98824 |
|
| 245 | 1 | 0 |
_aJulia de Burgos : _bla canción y el silencio / _cIvette López Jiménez. |
| 250 | _a2a ed. | ||
| 260 |
_aSan Juan, Puerto Rico : _bFundación Puertorriqueña de las Humanidades, _c1968. |
||
| 300 |
_a151 p. ; _c22 cm. |
||
| 490 | 1 | _aDr. Arturo Morales Carrión | |
| 500 | _aIncluye referencias bibliográficas y notas al pié de las páginas | ||
| 650 | 4 |
_aPoesía puertorriqueña _91015 |
|
| 650 | 4 |
_aLiteratura puertorriqueña _9250 |
|
| 600 | 1 | 4 |
_aBURGOS, JULIA DE _d1914-1953 _xCRÍTICA E INTERPRETACIÓN _98825 |
| 830 | 0 |
_aDr. Arturo Morales Carrión _98826 |
|
| 999 |
_c2628 _d2628 |
||